Palliative care and communication : (Record no. 66936)
[ view plain ]
| 000 -LEADER | |
|---|---|
| fixed length control field | 01591nam a2200433 a 4500 |
| 001 - CONTROL NUMBER | |
| control field | 66936 |
| 003 - CONTROL NUMBER IDENTIFIER | |
| rucl marc code | BD-RjUL |
| 005 - DATE AND TIME OF LATEST TRANSACTION | |
| control field | 20211209081610.0 |
| 008 - FIXED-LENGTH DATA ELEMENTS--GENERAL INFORMATION | |
| fixed length control field | 170320s2002 enk 001 0 eng d |
| 020 ## - INTERNATIONAL STANDARD BOOK NUMBER | |
| International Standard Book Number | 0335212069 |
| International Standard Book Number | 0335212050 (pbk.) |
| 035 ## - SYSTEM CONTROL NUMBER | |
| System control number | (BD-RjUL)67067 |
| 040 ## - CATALOGING SOURCE | |
| Original cataloging agency | DLC |
| Transcribing agency | DLC |
| Language of cataloging | eng |
| Modifying agency | BD-RjUL |
| 041 1# - LANGUAGE CODE | |
| Language code of text/sound track or separate title | eng |
| Language code of original | dut |
| 082 0# - DEWEY DECIMAL CLASSIFICATION NUMBER | |
| Classification number | 616.99 |
| Edition number | 23 |
| Author mark and year | THP 2002 |
| 100 1# - MAIN ENTRY--PERSONAL NAME | |
| Personal name | The, Anne-Mei. |
| 9 (RLIN) | 198205 |
| 245 10 - TITLE STATEMENT | |
| Title | Palliative care and communication : |
| Remainder of title | experiences in the clinic / |
| Statement of responsibility, etc. | Anne-Mei The. |
| 260 ## - PUBLICATION, DISTRIBUTION, ETC. (IMPRINT) | |
| Place of publication, distribution, etc. | Buckingham : |
| Name of publisher, distributor, etc. | Open University Press, |
| Date of publication, distribution, etc. | 2002. |
| 300 ## - PHYSICAL DESCRIPTION | |
| Pagination | xii, 254 p. ; |
| Size | 24 cm. |
| 490 ## - SERIES STATEMENT | |
| Series statement | Facing death |
| 500 ## - GENERAL NOTE | |
| General note | Translated from the Dutch. |
| 504 ## - BIBLIOGRAPHY, ETC. NOTE | |
| Bibliography, etc | Includes bibliographical references and index. |
| 650 #0 - SUBJECT ADDED ENTRY--TOPICAL TERM | |
| Topical term or geographic name as entry element | Lungs |
| General subdivision | Cancer |
| Geographic subdivision | Netherlands. |
| 9 (RLIN) | 198206 |
| Topical term or geographic name as entry element | Small cell lung cancer |
| Geographic subdivision | Netherlands. |
| 9 (RLIN) | 198207 |
| Topical term or geographic name as entry element | Medical personnel and patient |
| Geographic subdivision | Netherlands. |
| 9 (RLIN) | 198208 |
| Topical term or geographic name as entry element | Terminal care |
| Geographic subdivision | Netherlands. |
| 9 (RLIN) | 198209 |
| Topical term or geographic name as entry element | Lungs |
| General subdivision | Cancer |
| -- | Palliative treatment |
| Geographic subdivision | Netherlands. |
| 9 (RLIN) | 198210 |
| Topical term or geographic name as entry element | Cancer |
| General subdivision | Psychological aspects. |
| 9 (RLIN) | 198211 |
| Topical term or geographic name as entry element | Terminally Ill |
| General subdivision | psychology. |
| 9 (RLIN) | 198212 |
| Topical term or geographic name as entry element | Carcinoma, Bronchogenic |
| General subdivision | psychology. |
| 9 (RLIN) | 198213 |
| Topical term or geographic name as entry element | Carcinoma, Small Cell |
| General subdivision | psychology. |
| 9 (RLIN) | 198214 |
| Topical term or geographic name as entry element | Carcinoma, Small Cell |
| General subdivision | therapy. |
| 9 (RLIN) | 198215 |
| Topical term or geographic name as entry element | Truth Disclosure. |
| 9 (RLIN) | 198216 |
| Topical term or geographic name as entry element | Physician-Patient Relations. |
| 9 (RLIN) | 148661 |
| Topical term or geographic name as entry element | Terminal Care |
| Geographic subdivision | Netherlands. |
| 9 (RLIN) | 198217 |
| 830 #0 - SERIES ADDED ENTRY--UNIFORM TITLE | |
| Uniform title | Facing death |
| 942 ## - ADDED ENTRY ELEMENTS (KOHA) | |
| Source of classification or shelving scheme | Dewey Decimal Classification |
| Koha item type | Books |
| Lost status | Source of classification or shelving scheme | Damaged status | Not for loan | Collection code | Permanent Location | Current Location | Shelving location | Date acquired | Source of acquisition | Cost, normal purchase price | Total Checkouts | Full call number | Date last seen | Copy number | Koha item type |
|---|---|---|---|---|---|---|---|---|---|---|---|---|---|---|---|
| Dewey Decimal Classification | Not For Loan | Non-fiction | Central Library, University of Rajshahi | Central Library, University of Rajshahi | Reading Room | 04/09/2008 | Paragon Enterprises Dhaka | 24.99 | 616.99 THP 2002 | 20/03/2017 | C-1 | Books |